书目信息 |
| 题名: |
《九章算术》导读与译注
|
|
| 作者: | 李继闵 著 | |
| 分册: | ||
| 出版信息: | 西安 陕西科学技术出版社 1998 |
|
| 页数: | 782页 | |
| 开本: | 21cm | |
| 丛书名: | ||
| 单 册: | ||
| 中图分类: | O112 | |
| 科图分类: | ||
| 主题词: | 古典数学 , 古典数学--研究--中国 | |
| 电子资源: | ||
| ISBN: | 7-5369-2946-3 | |
| 000 | 00824nam0 2200277 45 | |
| 001 | 020000028997 | |
| 005 | 20050920151305.59 | |
| 010 | @a7-5369-2946-3@b精装@dCNY58.00 | |
| 100 | @a20050112d1998 ekmy0chiy0120 ea | |
| 101 | 0 | @achi |
| 102 | @aCN@b610000 | |
| 105 | @aa az 000yy | |
| 200 | 1 | @a《九章算术》导读与译注@9《 jiu zhang suan shu》 dao du yu yi zhu@f李继闵著@Fli ji min zhu |
| 210 | @a西安@c陕西科学技术出版社@d1998 | |
| 215 | @a782页@c图@d21cm | |
| 300 | @a陕西省优秀科学·文艺著作出版基金资助出版 | |
| 300 | @a本书由台湾九章出版社孙文先先生赞助出版 | |
| 320 | @a有书目 | |
| 605 | @a九章算术@x研究 | |
| 605 | @a九章算术 | |
| 606 | 0 | @a古典数学 |
| 606 | 0 | @a古典数学@x研究@y中国 |
| 690 | @aO112@v4 | |
| 701 | 0 | @a李继闵@Ali ji min@4著 |
| 801 | 0 | @aCN@bTSSF@c20050920 |
| 905 | @a10447@dO112@e35 | |
| 《九章算术》导读与译注/李继闵著.-西安:陕西科学技术出版社,1998 |
| 782页:图;21cm |
| 陕西省优秀科学·文艺著作出版基金资助出版.-本书由台湾九章出版社孙文先先生赞助出版 |
| ISBN 7-5369-2946-3(精装):CNY58.00 |
| ● |
| 相关链接 |
|
|
|
|
正题名:《九章算术》导读与译注
索取号:O112/35
 
预约/预借
| 序号 | 登录号 | 条形码 | 馆藏地/架位号 | 状态 | 备注 |
| 1 | 0362309 | 3623092 | 第二样本阅览室/ [索取号:O112/35] | 在馆 | |
| 2 | 0362310 | 3623109 | 第三借阅区/ [索取号:O112/35] | 在馆 | |
| 3 | 0362311 | 3623118 | 第三借阅区/ [索取号:O112/35] | 在馆 | |
| 4 | 0362312 | 3623127 | 第三借阅区/ [索取号:O112/35] | 在馆 | |
| 5 | 0362313 | 3623136 | 第三借阅区/ [索取号:O112/35] | 在馆 |